Directory of nalis members and list of library & information science schools in nigeria (Record no. 3679)

MARC details
000 -LEADER
fixed length control field 00442nam a22001457a 4500
008 - FIXED-LENGTH DATA ELEMENTS--GENERAL INFORMATION
fixed length control field 250525b |||||||| |||| 00| 0 eng d
020 ## - INTERNATIONAL STANDARD BOOK NUMBER
ISBN 9789785166293
100 ## - MAIN ENTRY--AUTHOR
Author Ochogwu, Michael.G.
245 ## - TITLE STATEMENT
Title Directory of nalis members and list of library & information science schools in nigeria
260 ## - PUBLICATION, DISTRIBUTION, ETC. (IMPRINT)
Place of publication Lagos
Name of publisher Zeh- communication
Date of publication 2020
300 ## - COLLATION
Pagination viii, 1q64p.
Other physical details ill
650 ## - TRACINGS
Main Subject list of libraries
942 ## - ADDED ENTRY ELEMENTS (KOHA)
Item type Books
050 ## - LIBRARY OF CONGRESS CALL NUMBER
Classification number ZA3155
Item number .O34
Holdings
Source of classification or shelving scheme Not for loan Permanent location Current location Date acquired Accession No. Full call number Barcode. Koha item type
Library of Congress Classification   Samuel Ogbemudia Main Library, University of Abuja Samuel Ogbemudia Main Library, University of Abuja 05/25/2025 2023/61243 ZA3155.O34 2025-2196 Books